| 000 | 00935nam a22002537a 4500 | ||
|---|---|---|---|
| 003 | DO-SdBNP | ||
| 005 | 20240722094910.0 | ||
| 008 | 210928b2018 dr ac||| |||| 00| 0 spa d | ||
| 020 | _a9789945906455 | ||
| 040 |
_aDO-SdBNP _bspa _cBNPHU |
||
| 082 | 4 |
_222 _a641.5 _bQ59c |
|
| 100 | 1 |
_aQuezada Casanova, Julissa _980059 |
|
| 245 | 1 | 0 |
_aCocínalo fácil : _bcon una pizca de viajes / _cJulissa Quezada Casanova ; fotógrafo Pedro Ramírez ; prólogo Keila González Báez. |
| 260 |
_aSanto Domingo : _bBienetre Media Group, _c2018. |
||
| 300 |
_a131 p. : _bilustraciones y retratos ; _c23 cm. |
||
| 590 | _aInventariado, 2021 /LP | ||
| 650 | 4 |
_aPreparación de alimentos _9193 |
|
| 650 | 0 |
_aCocina _9360 |
|
| 650 | 0 |
_aComidas y banquetes _918978 |
|
| 700 | 1 |
_aGonzález Báez, Keila, _eprologo _979747 |
|
| 700 | 1 |
_aRamírez, Pedro, _efotod _980060 |
|
| 910 | _aLopérez/Validado. Control de calidad MFF | ||
| 942 |
_2ddc _cLBS1 |
||
| 999 |
_c50670 _d50670 |
||